Actas de la Comisión de Biblioteca 1932 [ (Record no. 103122)

MARC details
000 -LEADER
campo de control de longitud fija 01005ntm a2200265 i 4500
001 - NÚMERO DE CONTROL
campo de control 103122
003 - IDENTIFICADOR DE NÚMERO DE CONTROL
campo de control ES-MaACL
005 - FECHA Y HORA DE LA ÚLTIMA TRANSACCIÓN
campo de control 20231011170407.0
007 - CAMPO FIJO DE DESCRIPCIÓN FÍSICA--INFORMACIÓN GENERAL
campo de control de longitud fija t|
008 - DATOS DE LONGITUD FIJA--INFORMACIÓN GENERAL
campo de control de longitud fija 060113m19321933sp |||| | spa d
080 ## - NÚMERO DE LA CLASIFICACIÓN DECIMAL UNIVERSAL
Número de la Clasificación Decimal Universal 061.21(464.27) Ateneo "1932/33"
110 2# - ENTRADA PRINCIPAL--NOMBRE DE ENTIDAD CORPORATIVA
Nombre de entidad corporativa o nombre de jurisdicción como elemento de entrada Ateneo de Madrid.
9 (RLIN) 1875
245 10 - MENCIÓN DEL TÍTULO
Título Actas de la Comisión de Biblioteca 1932 [
Medio Manuscrito].
246 3# - FORMA VARIANTE DEL TITULO
Título propio/Titulo breve Actas de la Comisión de Biblioteca (1932-1933)
246 3# - FORMA VARIANTE DEL TITULO
Título propio/Titulo breve Comisión de Biblioteca, 1932 :
Resto del título actas
260 ## - PUBLICACIÓN, DISTRIBUCIÓN, ETC.
Lugar de publicación, distribución, etc. Madrid :
Nombre del editor, distribuidor, etc. Ateneo de Madrid,
Fecha de publicación, distribución, etc. 1932-1933.
300 ## - DESCRIPCIÓN FÍSICA
Extensión 31 h. ;
Dimensiones 32 cm.
505 8# - NOTA DE CONTENIDO CON FORMATO
Nota de contenido con formato Contiene: Actas desde 4 de octubre de 1932 a 2 de junio de 1933
530 ## - NOTA DISPONIBLE DE FORMULARIO FÍSICO ADICIONAL
Nota de formato físico adicional disponible Disponible en formato digital.
610 24 - PUNTO DE ACCESO ADICIONAL DE MATERIA--NOMBRE DE ENTIDAD CORPORATIVA
Nombre de entidad corporativa o nombre de jurisdicción como elemento de entrada Ateneo de Madrid-
Subdivisión de forma Memorias de Secretaría.
9 (RLIN) 1929
610 24 - PUNTO DE ACCESO ADICIONAL DE MATERIA--NOMBRE DE ENTIDAD CORPORATIVA
Nombre de entidad corporativa o nombre de jurisdicción como elemento de entrada Ateneo de Madrid.
Unidad subordinada Biblioteca
9 (RLIN) 1951
852 4# - LOCALIZACIÓN
Ubicación ES-MaACL
Número de control de estantería R-3388
856 4# - LOCALIZACIÓN Y ACCESO ELECTRÓNICOS
Identificador Uniforme de Recursos <a href="http://archivo.ateneodemadrid.es/actas-de-la-comisi-n-de-biblioteca-1932-1933;isad">http://archivo.ateneodemadrid.es/actas-de-la-comisi-n-de-biblioteca-1932-1933;isad</a>
Nota pública Archivo del Ateneo de Madrid
Holdings
Estatus retirado Estado de pérdida Fuente del sistema de clasificación o colocación Estado de daño No para préstamo Colección Biblioteca de origen Biblioteca actual Ubicación en estantería Fecha de adquisición Total de préstamos Signatura topográfica completa Código de barras Visto por última vez Precio de reemplazo Tipo de ítem Koha
    Clasificación decimal universal     Fondo Ateneo de Madrid Biblioteca del Ateneo de Madrid Biblioteca del Ateneo de Madrid Depósito 17/01/2008   R-3388 1107684 23/02/2023 23/02/2023 Manuscrito